[Event "St Jean op"]
[Site "St Jean sur Richelieu"]
[Date "2004.06.26"]
[Round "2"]
[White "Page, Denis"]
[Black "Michaud, Jacques"]
[Result "0-1"]
[WhiteElo "1644"]
[BlackElo "1522"]
[PlyCount "136"]
[EventDate "2004.06.??"]
[EventType "swiss"]
[EventRounds "5"]
[EventCountry "CAN"]
[SourceTitle "EXT 2006"]
[Source "ChessBase"]
[SourceDate "2005.11.24"]
[SourceVersion "1"]
[SourceVersionDate "2005.11.24"]
[SourceQuality "1"]

1. e4 c5 2. Nc3 Nc6 3. g3 d6 4. Bg2 Bd7 5. d3 g6 6. Be3 Bg7 7. Qd2 Nf6 8. Bh6 0-0 9. Bxg7 Kxg7 10. h3 Qc8 11. g4 Nd4 12. 0-0-0 Rb8 13. g5 Ng8 14. h4 b5 15. Nge2 Bg4 16. Nxd4 Bxd1 17. Ndxb5 Bh5 18. Na3 e6 19. Nc4 Qb7 20. b3 Qe7 21. e5 d5 22. Nd6 Qc7 23. Qf4 Rb4 24. Qd2 Qa5 25. Kb2 Rbb8 26. Qe1 Ne7 27. Ncb5 Rxb5 28. Nxb5 Qxb5 29. c4 Qb4 30. Qxb4 cxb4 31. c5 Nc6 32. Rc1 Nxe5 33. Bf1 Rc8 34. a3 a5 35. a4 Nc6 36. d4 Nxd4 37. Ba6 Rc7 38. c6 Rxc6 39. Rxc6 Nxc6 40. Kc2 Nd4+ 41. Kb2 Nf5 42. Kc2 Nxh4 43. Kd3 Bd1 44. Kd4 Bxb3 45. Bb5 Nf3+ 46. Kc5 d4 47. Kb6 d3 48. Bxd3 Bxa4 49. Kxa5 Bd1 50. Kxb4 Nxg5 51. Bf1 h5 52. Kc3 h4 53. Kd2 Bf3 54. Ke3 e5 55. Be2 e4 56. Bxf3 exf3 57. Kf4 h3 58. Kg3 Kf6 59. Kh2 Ke5 60. Kg3 Kd4 61. Kh2 Kd3 62. Kh1 Ke2 63. Kg1 f5 64. Kh2 Kxf2 65. Kh1 Ke2 66. Kh2 f2 67. Kg3 f1Q 68. Kh4 Qf4# 0-1